Consonants First - Statistics

General Stats
  • This quiz has been taken 25 times
  • The average score is 24 of 26
Answer Stats
letter % Correct
B
100%
C
100%
D
100%
F
100%
G
100%
H
100%
J
100%
K
100%
L
100%
M
100%
N
100%
P
100%
Q
100%
R
100%
S
100%
T
100%
V
100%
W
100%
X
95%
Y
85%
Z
80%
A
75%
E
70%
I
70%
O
70%
U
70%
No matching quizzes found
Score Distribution
Percent of People with Each Score
Percentile by Number Answered
Your Score History
You have not taken this quiz